[Event "Hessenliga 1819"]
[Site "Hessen"]
[Date "2019.05.12"]
[Round "9.6"]
[White "Ramlow, Marcus"]
[Black "Zaerban, Jan Christopher"]
[Result "1-0"]
[WhiteElo "2080"]
[BlackElo "1823"]
[PlyCount "37"]
[EventDate "2018.09.23"]
[EventType "team-tourn"]
[EventRounds "9"]
[EventCountry "GER"]
[SourceTitle "EXT 2020"]
[Source "ChessBase"]
[SourceDate "2019.10.17"]
[SourceVersion "1"]
[SourceVersionDate "2019.10.17"]
[SourceQuality "1"]
[WhiteTeam "Bad Emstal/Wolfhagen"]
[BlackTeam "Kassel"]
[WhiteTeamCountry "GER"]
[BlackTeamCountry "GER"]

1. e4 e6 2. d4 d5 3. Nd2 Nc6 4. Ngf3 Nf6 5. e5 Nd7 6. Bd3 f6 7. Ng5 Ndxe5 8. dxe5 fxg5 9. Qh5+ g6 10. Bxg6+ Kd7 11. c4 Nxe5 12. Bc2 dxc4 13. 0-0 Bc5 14. Ne4 Kc6 15. Nxc5 Kxc5 16. Bxg5 Qe8 17. Be3+ Kd6 18. Rad1+ Nd3 19. Qc5+ 1-0

[Event "Hessenliga 1819"]
[Site "Hessen"]
[Date "2019.03.11"]
[Round "7.6"]
[White "Kues, Jarl Hendrik"]
[Black "Zaerban, Jan Christopher"]
[Result "1-0"]
[WhiteElo "2137"]
[BlackElo "1823"]
[PlyCount "69"]
[EventDate "2018.09.23"]
[EventType "team-tourn"]
[EventRounds "9"]
[EventCountry "GER"]
[SourceTitle "EXT 2020"]
[Source "ChessBase"]
[SourceDate "2019.10.17"]
[SourceVersion "1"]
[SourceVersionDate "2019.10.17"]
[SourceQuality "1"]
[WhiteTeam "Frankfurt BvK"]
[BlackTeam "Kassel"]
[WhiteTeamCountry "GER"]
[BlackTeamCountry "GER"]

1. d4 d5 2. Bf4 Nf6 3. e3 Bf5 4. Nf3 e6 5. Nbd2 Bd6 6. Ne5 Nbd7 7. Ndf3 Ng4 8. Nxd7 Qxd7 9. h3 Nf6 10. Ne5 Bxe5 11. Bxe5 Qe7 12. c3 0-0 13. Be2 c6 14. 0-0 Nd7 15. Bg3 Nf6 16. Bh4 e5 17. Bg3 Nd7 18. Rc1 f6 19. Re1 Rfe8 20. Bf3 Qf7 21. Qb3 b5 22. Qd1 Nb6 23. b3 Re7 24. Bh5 Bg6 25. Be2 Qe6 26. Bf3 Qd6 27. dxe5 fxe5 28. c4 bxc4 29. bxc4 Qd7 30. cxd5 cxd5 31. Qd2 Rd8 32. Bh4 Nc4 33. Qb4 Ree8 34. Bxd8 Rxd8 35. Bxd5+ 1-0

[Event "Hessenliga 1819"]
[Site "Hessen"]
[Date "2019.02.17"]
[Round "6.7"]
[White "Drill, Frank J"]
[Black "Zaerban, Jan Christopher"]
[Result "1-0"]
[WhiteElo "2024"]
[BlackElo "1823"]
[PlyCount "61"]
[EventDate "2018.09.23"]
[EventType "team-tourn"]
[EventRounds "9"]
[EventCountry "GER"]
[SourceTitle "EXT 2020"]
[Source "ChessBase"]
[SourceDate "2019.10.17"]
[SourceVersion "1"]
[SourceVersionDate "2019.10.17"]
[SourceQuality "1"]
[WhiteTeam "Neuberg II"]
[BlackTeam "Kassel"]
[WhiteTeamCountry "GER"]
[BlackTeamCountry "GER"]

1. e4 e6 2. d4 d5 3. Nc3 Bb4 4. Bd2 dxe4 5. Qg4 Nf6 6. Qxg7 Rg8 7. Qh6 Qxd4 8. Nge2 Qe5 9. Bf4 Qf5 10. Nd4 Qc5 11. Ndb5 Rg6 12. Qh4 Na6 13. 0-0-0 Bd7 14. g4 Nxg4 15. Nxe4 Qf5 16. Bxc7 Qxe4 17. Bd3 Rh6 18. Qg3 Qc6 19. Bf4 Rg6 20. Bxg6 Qxb5 21. Bxf7+ Kxf7 22. Qxg4 Rg8 23. Qh3 Rg7 24. c3 Be7 25. Rhe1 Nc5 26. Be5 Bf6 27. Qh5+ Ke7 28. Bd6+ Kd8 29. Qxc5 Qxc5 30. Bxc5 Kc8 31. Bxa7 1-0

[Event "Hessenliga 1819"]
[Site "Hessen"]
[Date "2018.11.18"]
[Round "3.6"]
[White "Du Maire, Jerome"]
[Black "Zaerban, Jan Christopher"]
[Result "1-0"]
[WhiteElo "2148"]
[BlackElo "1823"]
[PlyCount "63"]
[EventDate "2018.09.23"]
[EventType "team-tourn"]
[EventRounds "9"]
[EventCountry "GER"]
[SourceTitle "EXT 2020"]
[Source "ChessBase"]
[SourceDate "2019.10.17"]
[SourceVersion "1"]
[SourceVersionDate "2019.10.17"]
[SourceQuality "1"]
[WhiteTeam "Frankfurt TV"]
[BlackTeam "Kassel"]
[WhiteTeamCountry "GER"]
[BlackTeamCountry "GER"]

1. d4 d5 2. c4 c6 3. Nf3 Nf6 4. e3 g6 5. Nc3 Bg7 6. Be2 0-0 7. 0-0 Bg4 8. b3 e6 9. h3 Bxf3 10. Bxf3 Nbd7 11. Bb2 a6 12. a4 a5 13. Qd2 Qb6 14. Rfb1 Rfd8 15. Ba3 Bf8 16. Bxf8 Kxf8 17. c5 Qc7 18. b4 b6 19. cxb6 Nxb6 20. Be2 axb4 21. Rxb4 c5 22. dxc5 Qxc5 23. Qd4 Qxd4 24. exd4 Rdc8 25. Rxb6 Rxc3 26. a5 Ne4 27. a6 Rc7 28. f3 Nd2 29. Kf2 Nc4 30. Rb7 Ra7 31. Rxc7 Rxc7 32. Bxc4 1-0

[Event "Hessenliga 1819"]
[Site "Hessen"]
[Date "2018.11.04"]
[Round "2.7"]
[White "Heiming, Helmut"]
[Black "Zaerban, Jan Christopher"]
[Result "1-0"]
[WhiteElo "1894"]
[BlackElo "1823"]
[PlyCount "117"]
[EventDate "2018.09.23"]
[EventType "team-tourn"]
[EventRounds "9"]
[EventCountry "GER"]
[SourceTitle "EXT 2020"]
[Source "ChessBase"]
[SourceDate "2019.10.17"]
[SourceVersion "1"]
[SourceVersionDate "2019.10.17"]
[SourceQuality "1"]
[WhiteTeam "Bad Homburg"]
[BlackTeam "Kassel"]
[WhiteTeamCountry "GER"]
[BlackTeamCountry "GER"]

1. d4 d5 2. c4 c6 3. Nf3 Nf6 4. e3 Bf5 5. Nc3 e6 6. Be2 h6 7. Qb3 Qb6 8. Bd2 Qxb3 9. axb3 Bc2 10. Bd1 Bxd1 11. Kxd1 Na6 12. c5 Be7 13. Ne5 Nd7 14. Nd3 0-0 15. b4 Nc7 16. Kc2 f6 17. f4 a6 18. Be1 Rae8 19. Bg3 Bd8 20. Rae1 f5 21. Nc1 Nb5 22. Nb3 Rf7 23. Ra1 Nxc3 24. bxc3 Nf6 25. Nd2 Ne4 26. Nxe4 fxe4 27. Rhf1 Ref8 28. Rfb1 Kh7 29. Kd2 Bc7 30. Be1 g5 31. g3 Kg6 32. Ke2 Kh5 33. h3 Kg6 34. Bd2 h5 35. Rg1 Rf5 36. Rg2 Kh6 37. Rag1 Rg8 38. g4 hxg4 39. Rxg4 Bd8 40. h4 Kh5 41. hxg5 Rff8 42. R4g2 Kg6 43. Rh2 Rh8 44. Rgh1 Rxh2+ 45. Rxh2 Rg8 46. Kf2 Rg7 47. Rh6+ Kf7 48. Kg3 Be7 49. Kg4 Bf8 50. Be1 Rg6 51. Rh7+ Rg7 52. Rh8 Rg8 53. Rxg8 Kxg8 54. f5 exf5+ 55. Kxf5 Kf7 56. Bg3 Be7 57. Bc7 Kg7 58. Be5+ Kg8 59. Bf6 1-0

[Event "Leipzig VfB op 25th"]
[Site "Leipzig"]
[Date "2018.03.24"]
[Round "8"]
[White "Ortlepp, Kristina"]
[Black "Zaerban, Jan Christopher"]
[Result "0-1"]
[WhiteElo "1691"]
[BlackElo "1841"]
[PlyCount "35"]
[EventDate "2018.03.20"]
[EventType "swiss"]
[EventRounds "9"]
[EventCountry "GER"]
[SourceTitle "CBM 183 Extra"]
[Source "ChessBase"]
[SourceDate "2018.04.19"]
[SourceVersion "1"]
[SourceVersionDate "2018.04.19"]
[SourceQuality "1"]

1. e4 e6 2. d4 d5 3. e5 c5 4. c3 Qb6 5. Nf3 Nc6 6. Bd3 cxd4 7. cxd4 Bd7 8. Bc2 Nb4 9. 0-0 Nxc2 10. Qxc2 Rc8 11. Nc3 Ne7 12. a4 Nc6 13. Bg5 Nxd4 14. Nxd4 Qxd4 15. Rfe1 Bb4 16. Re3 h6 17. Rd1 Qc4 18. b3 0-1

[Event "Leipzig VfB op 25th"]
[Site "Leipzig"]
[Date "2018.03.21"]
[Round "3"]
[White "Zaerban, Jan Christopher"]
[Black "Voland, Rolf"]
[Result "1-0"]
[WhiteElo "1841"]
[BlackElo "1497"]
[PlyCount "101"]
[EventDate "2018.03.20"]
[EventType "swiss"]
[EventRounds "9"]
[EventCountry "GER"]
[SourceTitle "CBM 183 Extra"]
[Source "ChessBase"]
[SourceDate "2018.04.19"]
[SourceVersion "1"]
[SourceVersionDate "2018.04.19"]
[SourceQuality "1"]

1. Nf3 d5 2. c4 e6 3. d4 Nf6 4. Nc3 Be7 5. Bg5 0-0 6. e3 c6 7. cxd5 exd5 8. Qc2 Na6 9. Bxa6 bxa6 10. 0-0 h6 11. Bh4 g5 12. Bg3 Nh5 13. Be5 f5 14. Na4 Qe8 15. Rac1 Bd7 16. Nc5 Bxc5 17. Qxc5 Nf6 18. Bxf6 Rxf6 19. Ne5 Re6 20. Rc2 Rxe5 21. dxe5 Qxe5 22. Qd4 Qe6 23. Rd1 Kf7 24. Rd3 Qf6 25. Ra3 Qxd4 26. exd4 Re8 27. Re3 Re4 28. Rxe4 fxe4 29. Rc5 Ke6 30. Ra5 Bc8 31. Kf1 Kd6 32. Ke2 Kc7 33. f3 exf3+ 34. Kxf3 Kd6 35. Rc5 Bf5 36. Rc3 h5 37. Ra3 Bc8 38. Re3 h4 39. Re8 Kc7 40. Re7+ Kb6 41. h3 Bf5 42. Rg7 Be4+ 43. Kf2 c5 44. dxc5+ Kxc5 45. Rxa7 d4 46. Rxa6 Kc4 47. Ra4+ Kd3 48. Rb4 Bd5 49. a4 Ke4 50. a5 Kd3 51. a6 1-0

[Event "Vellmar op 9th"]
[Site "Vellmar"]
[Date "2017.07.15"]
[Round "4"]
[White "Wohlrabe, Joerg"]
[Black "Zaerban, Jan Christopher"]
[Result "1-0"]
[WhiteElo "1791"]
[BlackElo "1890"]
[PlyCount "109"]
[EventDate "2017.07.13"]
[EventType "swiss"]
[EventRounds "7"]
[EventCountry "GER"]
[SourceTitle "CBM 179 Extra"]
[Source "ChessBase"]
[SourceDate "2017.08.23"]
[SourceVersion "1"]
[SourceVersionDate "2017.08.23"]
[SourceQuality "1"]

1. e4 e6 2. d4 d5 3. exd5 exd5 4. Nf3 Bd6 5. Be2 Ne7 6. c3 Bg4 7. h3 Bh5 8. b3 Nbc6 9. Ba3 a6 10. Bxd6 Qxd6 11. Qd2 0-0-0 12. a4 Na5 13. Ra3 Bg6 14. Bd3 Rde8 15. 0-0 Bxd3 16. Qxd3 Ng6 17. Qf5+ Qe6 18. Qxe6+ Rxe6 19. Nbd2 Nc6 20. b4 Nd8 21. Raa1 f6 22. Rae1 Rhe8 23. g3 Kd7 24. Rxe6 Rxe6 25. Re1 Rc6 26. Nb1 Nf7 27. Nfd2 Ne7 28. Kg2 Nc8 29. Nb3 b6 30. Re3 Nfd6 31. N3d2 Nc4 32. Nxc4 Rxc4 33. g4 a5 34. Nd2 Rc6 35. bxa5 bxa5 36. Nb3 Rc4 37. Nc5+ Kd8 38. Nb7+ Kd7 39. Nxa5 Rxa4 40. Nb3 Ra3 41. Nc5+ Kc6 42. Ne6 g6 43. Nf8 h5 44. Nxg6 hxg4 45. h4 Kd7 46. h5 Nd6 47. h6 Nf5 48. h7 Nxe3+ 49. fxe3 Ra8 50. h8Q Rxh8 51. Nxh8 Ke6 52. Ng6 c5 53. Kg3 cxd4 54. exd4 f5 55. Kf4 1-0

[Event "Vellmar op 9th"]
[Site "Vellmar"]
[Date "2017.07.14"]
[Round "2"]
[White "Seepe, Uwe"]
[Black "Zaerban, Jan Christopher"]
[Result "1-0"]
[WhiteElo "1662"]
[BlackElo "1890"]
[PlyCount "71"]
[EventDate "2017.07.13"]
[EventType "swiss"]
[EventRounds "7"]
[EventCountry "GER"]
[SourceTitle "CBM 179 Extra"]
[Source "ChessBase"]
[SourceDate "2017.08.23"]
[SourceVersion "1"]
[SourceVersionDate "2017.08.23"]
[SourceQuality "1"]

1. d4 Nf6 2. Nf3 c5 3. e3 cxd4 4. exd4 d5 5. Bd3 Bg4 6. 0-0 Nc6 7. c3 e6 8. Nbd2 Bd6 9. Re1 0-0 10. Qc2 Qc7 11. h3 Bh5 12. Ng5 Bg6 13. Bxg6 hxg6 14. Nb3 b5 15. Nc5 Qe7 16. Be3 Na5 17. b4 Nc4 18. Qd3 a5 19. Bc1 axb4 20. cxb4 Ra7 21. Re2 Rfa8 22. Ncxe6 fxe6 23. Rxe6 Qf8 24. Qxg6 Rxa2 25. Rxa2 Rxa2 26. Qb1 Ra4 27. g3 Rxb4 28. Qf5 Ra4 29. Rxf6 Qxf6 30. Qxd5+ Kh8 31. Nf7+ Kh7 32. Ng5+ Kg6 33. Qxb5 Ra1 34. Qe8+ Kh6 35. Qh8+ Kg6 36. Qh7# 1-0

[Event "Leipzig VfB op 24th"]
[Site "Leipzig"]
[Date "2017.03.25"]
[Round "9"]
[White "Ehrlich, Kay"]
[Black "Zaerban, Jan Christopher"]
[Result "1-0"]
[WhiteElo "2023"]
[BlackElo "1901"]
[PlyCount "43"]
[EventDate "2017.03.21"]
[EventType "swiss"]
[EventRounds "9"]
[EventCountry "GER"]
[SourceTitle "EXT 2018"]
[Source "ChessBase"]
[SourceDate "2017.10.13"]
[SourceVersion "1"]
[SourceVersionDate "2017.10.13"]
[SourceQuality "1"]

1. e4 e6 2. d4 d5 3. Nd2 Nc6 4. Ngf3 Nf6 5. e5 Nd7 6. Bb5 a6 7. Bxc6 bxc6 8. Nb3 c5 9. Bg5 Be7 10. Na5 Nb8 11. Bxe7 Qxe7 12. c4 cxd4 13. Nxd4 Qg5 14. Nf3 Qd8 15. cxd5 exd5 16. Rc1 0-0 17. 0-0 Be6 18. Nd4 c5 19. Rxc5 Nd7 20. Nac6 Qg5 21. f4 Qg6 22. Ne7+ 1-0

[Event "Leipzig VfB op 22nd"]
[Site "Leipzig"]
[Date "2015.03.05"]
[Round "5"]
[White "Zaerban, Jan Christopher"]
[Black "Pauscher, Wolfgang"]
[Result "0-1"]
[WhiteElo "1916"]
[BlackElo "1796"]
[PlyCount "90"]
[EventDate "2015.03.03"]
[EventType "swiss"]
[EventRounds "9"]
[EventCountry "GER"]
[SourceTitle "EXT 2016"]
[Source "ChessBase"]
[SourceDate "2015.10.08"]
[SourceVersion "1"]
[SourceVersionDate "2015.10.08"]
[SourceQuality "1"]

1. c4 c6 2. Nc3 d5 3. d4 Nf6 4. Nf3 dxc4 5. a4 Bf5 6. e3 e6 7. Bxc4 Bb4 8. 0-0 0-0 9. Qe2 Bg6 10. Ne5 Bh5 11. f3 Nbd7 12. Nd3 Bxc3 13. bxc3 Qc7 14. e4 e5 15. Bg5 Rfe8 16. Qf2 Bg6 17. Qh4 Qd6 18. Qf2 Rac8 19. Rfb1 Qc7 20. a5 Rb8 21. Bh4 Nh5 22. dxe5 Nxe5 23. Nxe5 Qxe5 24. g4 Nf4 25. Bf1 h6 26. Bg3 Bh7 27. Qxa7 g5 28. Qd4 Qc7 29. Bc4 Rbd8 30. Qb6 Qd6 31. Qxb7 Bg6 32. Qb2 Qc5+ 33. Bf2 Qxc4 34. a6 Nh3+ 35. Kg2 Nxf2 36. Kxf2 Ra8 37. Qb4 Qd3 38. Rd1 Qc2+ 39. Kg3 Rxa6 40. Rdc1 Qd2 41. Rd1 Qf4+ 42. Kg2 Rxa1 43. Rxa1 Rd8 44. Ra2 Qe3 45. Qc4 Rd3 0-1

[Event "Leipzig VfB op 22nd"]
[Site "Leipzig"]
[Date "2015.03.04"]
[Round "3"]
[White "Zaerban, Jan Christopher"]
[Black "Schlegel, Harald"]
[Result "1/2-1/2"]
[WhiteElo "1916"]
[BlackElo "1767"]
[PlyCount "44"]
[EventDate "2015.03.03"]
[EventType "swiss"]
[EventRounds "9"]
[EventCountry "GER"]
[SourceTitle "EXT 2016"]
[Source "ChessBase"]
[SourceDate "2015.10.08"]
[SourceVersion "1"]
[SourceVersionDate "2015.10.08"]
[SourceQuality "1"]

1. Nf3 d5 2. c4 d4 3. b4 Bg4 4. Bb2 Nc6 5. b5 Bxf3 6. exf3 Nb8 7. f4 c5 8. bxc6 Nxc6 9. g3 e6 10. Bg2 Nge7 11. 0-0 g6 12. d3 Bg7 13. Nd2 Qc7 14. Nb3 0-0 15. Re1 b6 16. Rc1 Rab8 17. Ba3 Rfd8 18. Qf3 Bf8 19. Rc2 Rbc8 20. Rec1 Nf5 21. Bxf8 Kxf8 22. Nd2 Nb4 1/2-1/2

[Event "Leipzig VfB op 22nd"]
[Site "Leipzig"]
[Date "2015.03.03"]
[Round "1"]
[White "Zaerban, Jan Christopher"]
[Black "Kaase, Julian"]
[Result "0-1"]
[WhiteElo "1916"]
[BlackElo "1689"]
[PlyCount "66"]
[EventDate "2015.03.03"]
[EventType "swiss"]
[EventRounds "9"]
[EventCountry "GER"]
[SourceTitle "EXT 2016"]
[Source "ChessBase"]
[SourceDate "2015.10.08"]
[SourceVersion "1"]
[SourceVersionDate "2015.10.08"]
[SourceQuality "1"]

1. Nf3 d5 2. c4 e6 3. d4 Nf6 4. Nc3 c6 5. cxd5 exd5 6. Bg5 Be7 7. Qc2 0-0 8. e3 Nbd7 9. Bd3 b6 10. 0-0 Bb7 11. Rfd1 h6 12. Bh4 Re8 13. Rac1 a5 14. Qe2 Ne4 15. Bxe7 Qxe7 16. b3 f5 17. Qb2 Rac8 18. a3 b5 19. a4 b4 20. Nb1 g6 21. Qe2 Qd6 22. Ba6 Bxa6 23. Qxa6 c5 24. Qxd6 Nxd6 25. dxc5 Nxc5 26. Nd4 Nde4 27. Rc2 Nd7 28. Rdc1 Rxc2 29. Rxc2 f4 30. f3 Nec5 31. Re2 fxe3 32. f4 Re4 33. Nc2 d4 0-1

[Event "Leipzig VfB op 21st"]
[Site "Leipzig"]
[Date "2014.03.08"]
[Round "7"]
[White "Zaerban, Jan Christopher"]
[Black "Hofmann, Helge"]
[Result "1-0"]
[WhiteElo "1961"]
[BlackElo "1823"]
[PlyCount "59"]
[EventDate "2014.03.04"]
[EventType "tourn"]
[EventRounds "9"]
[EventCountry "GER"]
[SourceTitle "CBM 159 Extra"]
[Source "ChessBase"]
[SourceDate "2014.04.24"]
[SourceVersion "1"]
[SourceVersionDate "2014.04.24"]
[SourceQuality "1"]

1. Nf3 d5 2. c4 e6 3. d4 Nf6 4. Nc3 Be7 5. Bg5 0-0 6. e3 h6 7. Bh4 Nbd7 8. cxd5 exd5 9. Bd3 c6 10. 0-0 Re8 11. Rb1 Ne4 12. Bxe7 Qxe7 13. Qc2 Ndf6 14. b4 Nxc3 15. Qxc3 Ne4 16. Qc2 a6 17. a4 Nd6 18. Rfc1 Be6 19. Ne5 Qg5 20. Kh1 Bf5 21. Bxf5 Nxf5 22. b5 axb5 23. axb5 cxb5 24. Rxb5 Rec8 25. Qxc8+ Rxc8 26. Rxc8+ Kh7 27. Rh8+ Kxh8 28. Nxf7+ Kh7 29. Nxg5+ hxg5 30. Ra5 1-0

[Event "Leipzig VfB op 21st"]
[Site "Leipzig"]
[Date "2014.03.07"]
[Round "6"]
[White "Thesing, Ansgar"]
[Black "Zaerban, Jan Christopher"]
[Result "1/2-1/2"]
[WhiteElo "1798"]
[BlackElo "1961"]
[PlyCount "48"]
[EventDate "2014.03.04"]
[EventType "tourn"]
[EventRounds "9"]
[EventCountry "GER"]
[SourceTitle "CBM 159 Extra"]
[Source "ChessBase"]
[SourceDate "2014.04.24"]
[SourceVersion "1"]
[SourceVersionDate "2014.04.24"]
[SourceQuality "1"]

1. e4 e6 2. d4 d5 3. Nc3 Bb4 4. e5 c5 5. a3 Bxc3+ 6. bxc3 Qc7 7. Qg4 f5 8. Qh5+ Qf7 9. Qxf7+ Kxf7 10. Nf3 cxd4 11. Ng5+ Ke8 12. cxd4 Ne7 13. a4 Nec6 14. c3 b6 15. h4 h6 16. Nh3 g6 17. Nf4 Kf7 18. Rh3 Na5 19. Rg3 Rg8 20. Rb1 Nbc6 21. Nd3 Kg7 22. Nf4 Kf7 23. Nd3 Kg7 24. Nf4 Kf7 1/2-1/2

[Event "Leipzig VfB op 21st"]
[Site "Leipzig"]
[Date "2014.03.06"]
[Round "5"]
[White "Zaerban, Jan Christopher"]
[Black "Loyal, Martin"]
[Result "0-1"]
[WhiteElo "1961"]
[BlackElo "1249"]
[PlyCount "50"]
[EventDate "2014.03.04"]
[EventType "tourn"]
[EventRounds "9"]
[EventCountry "GER"]
[SourceTitle "CBM 159 Extra"]
[Source "ChessBase"]
[SourceDate "2014.04.24"]
[SourceVersion "1"]
[SourceVersionDate "2014.04.24"]
[SourceQuality "1"]

1. Nf3 Nc6 2. d4 d5 3. c4 e6 4. Nc3 Nf6 5. Bg5 Be7 6. e3 0-0 7. Rc1 b6 8. cxd5 Nxd5 9. Nxd5 Qxd5 10. Bxe7 Nxe7 11. Rxc7 Ng6 12. Qa4 Rd8 13. Bc4 Qd6 14. Qc6 Qxc6 15. Rxc6 Bb7 16. Rc7 Rac8 17. Rxb7 Rxc4 18. Kd2 Rdc8 19. Ne1 e5 20. Rxa7 exd4 21. Ra3 Ne5 22. exd4 Rxd4+ 23. Ke2 Nc4 24. Rd3 Re8+ 25. Kf1 Nd2+ 0-1

[Event "Leipzig VfB op 21st"]
[Site "Leipzig"]
[Date "2014.03.04"]
[Round "1"]
[White "Zaerban, Jan Christopher"]
[Black "Weimert, Jens"]
[Result "0-1"]
[WhiteElo "1961"]
[BlackElo "1495"]
[PlyCount "68"]
[EventDate "2014.03.04"]
[EventType "tourn"]
[EventRounds "9"]
[EventCountry "GER"]
[SourceTitle "CBM 159 Extra"]
[Source "ChessBase"]
[SourceDate "2014.04.24"]
[SourceVersion "1"]
[SourceVersionDate "2014.04.24"]
[SourceQuality "1"]

1. d4 Nf6 2. c4 e5 3. dxe5 Ng4 4. Nf3 Nc6 5. Bf4 Bb4+ 6. Nbd2 Qe7 7. a3 Bxd2+ 8. Qxd2 Ngxe5 9. Nxe5 Nxe5 10. e3 d6 11. Be2 Be6 12. Rc1 0-0 13. 0-0 Nd7 14. e4 Nc5 15. Qe3 Rfe8 16. Rfd1 f6 17. f3 Bf7 18. b4 Nxe4 19. fxe4 Qxe4 20. Kf2 Qf5 21. Qf3 Re7 22. Bd3 Qd7 23. Qxb7 Rae8 24. Qxa7 Qg4 25. Bg3 c5 26. Qa5 Bg6 27. Bxg6 Re2+ 28. Kg1 hxg6 29. bxc5 R8e5 30. Qd8+ Kh7 31. Qxd6 Qg5 32. Re1 Qe3+ 33. Kf1 Rf5+ 34. Bf4 Qf2# 0-1

[Event "Leipzig VfB op 20th"]
[Site "Leipzig"]
[Date "2013.03.07"]
[Round "4"]
[White "Haerig, Wolfram"]
[Black "Zaerban, Jan Christopher"]
[Result "1/2-1/2"]
[WhiteElo "1759"]
[BlackElo "1997"]
[PlyCount "68"]
[EventDate "2013.03.05"]
[EventType "swiss"]
[EventRounds "9"]
[EventCountry "GER"]
[SourceTitle "EXT 2014"]
[Source "ChessBase"]
[SourceDate "2013.11.20"]
[SourceVersion "1"]
[SourceVersionDate "2013.11.20"]
[SourceQuality "1"]

1. e4 e6 2. d4 d5 3. exd5 exd5 4. Nf3 Bd6 5. Be2 Ne7 6. 0-0 Bg4 7. h3 Bh5 8. b3 Nd7 9. Nbd2 Nf6 10. Bb2 Qd7 11. c4 c6 12. Re1 0-0-0 13. Rc1 h6 14. Qc2 g5 15. Ne5 Qe8 16. Bxh5 Nxh5 17. cxd5 Bxe5 18. Rxe5 Rxd5 19. Nc4 Qd7 20. Rce1 Ng6 21. Rxd5 Qxd5 22. Ne3 Qa5 23. Bc3 Qc7 24. d5 Re8 25. Rd1 cxd5 26. Nxd5 Qc6 27. Qf5+ Qe6 28. Qd3 Nhf4 29. Qc4+ Kb8 30. Re1 Qd7 31. Rxe8+ Qxe8 32. Qc7+ Ka8 33. Nxf4 Nxf4 34. Be5 Ne6 1/2-1/2

[Event "Leipzig VfB op 19th"]
[Site "Leipzig"]
[Date "2012.03.08"]
[Round "5"]
[White "Schoenrock, Ruediger"]
[Black "Zaerban, Jan Christopher"]
[Result "1/2-1/2"]
[WhiteElo "2063"]
[BlackElo "1957"]
[PlyCount "42"]
[EventDate "2012.03.06"]
[EventType "swiss"]
[EventRounds "9"]
[EventCountry "GER"]
[SourceTitle "CBM 147 Extra"]
[Source "ChessBase"]
[SourceDate "2012.04.24"]
[SourceVersion "1"]
[SourceVersionDate "2012.04.24"]
[SourceQuality "1"]

1. e4 e6 2. c4 d5 3. cxd5 exd5 4. exd5 Nf6 5. Bb5+ Nbd7 6. Nc3 Be7 7. Nge2 0-0 8. Bxd7 Qxd7 9. 0-0 Nxd5 10. d4 b6 11. Nxd5 Qxd5 12. Nc3 Qd7 13. Qf3 Rb8 14. Rd1 Bb7 15. Qf4 Rbd8 16. Be3 Bd6 17. Qh4 h6 18. d5 c6 19. Rd3 cxd5 20. Rad1 Be7 21. Qh5 Qe6 1/2-1/2

[Event "Leipzig VfB op 18th"]
[Site "Leipzig"]
[Date "2011.03.24"]
[Round "5"]
[White "Platz, Daniel"]
[Black "Zaerban, Jan Christopher"]
[Result "1/2-1/2"]
[WhiteElo "1828"]
[BlackElo "1939"]
[PlyCount "65"]
[EventDate "2011.03.20"]
[EventType "swiss"]
[EventRounds "9"]
[EventCountry "GER"]
[SourceTitle "CBM 141 Extra"]
[Source "ChessBase"]
[SourceDate "2011.05.03"]
[SourceVersion "1"]
[SourceVersionDate "2011.05.03"]
[SourceQuality "1"]

1. e4 e6 2. d4 d5 3. exd5 exd5 4. Bd3 Nc6 5. c3 Bd6 6. Ne2 Nge7 7. 0-0 Bf5 8. Bf4 0-0 9. b4 Bxd3 10. Qxd3 Ng6 11. Bxd6 Qxd6 12. Nd2 Rfe8 13. Rfe1 Re6 14. Nf3 Rae8 15. Ng3 Rxe1+ 16. Rxe1 Rxe1+ 17. Nxe1 Qf4 18. Qe3 Kf8 19. Nd3 Qxe3 20. fxe3 Nge7 21. Kf2 f5 22. Nc5 Nd8 23. a4 Kf7 24. a5 b6 25. axb6 axb6 26. Nd3 Nb7 27. Ne5+ Kg8 28. Ke2 Nd6 29. Kd3 Ng6 30. Nxg6 hxg6 31. Ne2 Kf7 32. Nf4 c6 33. h4 1/2-1/2

[Event "Leipzig VfB op 16th"]
[Site "Leipzig"]
[Date "2009.04.05"]
[Round "9"]
[White "Marquardt, Alexander"]
[Black "Zaerban, Jan Christopher"]
[Result "1/2-1/2"]
[WhiteElo "2080"]
[BlackElo "1959"]
[PlyCount "53"]
[EventDate "2009.03.31"]
[EventType "swiss"]
[EventRounds "9"]
[EventCountry "GER"]
[SourceTitle "EXT 2010"]
[Source "ChessBase"]
[SourceDate "2010.11.25"]
[SourceVersion "1"]
[SourceVersionDate "2010.11.25"]
[SourceQuality "1"]

1. e4 e6 2. Qe2 c5 3. g3 Nc6 4. c3 g6 5. f4 Nge7 6. Nf3 Bg7 7. Bg2 0-0 8. 0-0 d6 9. Na3 Rb8 10. Nc2 e5 11. d3 b5 12. Ne3 f5 13. fxe5 fxe4 14. dxe4 Nxe5 15. Nxe5 Bxe5 16. Rxf8+ Qxf8 17. Bd2 Be6 18. b3 Qg7 19. Rc1 Qf8 20. Bf3 Qc8 21. Ng2 Qb7 22. Be3 a5 23. Nf4 Bf7 24. Nd3 Nc6 25. Nf4 Ne7 26. Nd3 Nc6 27. Nf4 1/2-1/2

[Event "Leipzig VfB op 16th"]
[Site "Leipzig"]
[Date "2009.04.01"]
[Round "3"]
[White "Frotscher, Thomas"]
[Black "Zaerban, Jan Christopher"]
[Result "1-0"]
[WhiteElo "2188"]
[BlackElo "1959"]
[PlyCount "49"]
[EventDate "2009.03.31"]
[EventType "swiss"]
[EventRounds "9"]
[EventCountry "GER"]
[SourceTitle "EXT 2010"]
[Source "ChessBase"]
[SourceDate "2010.11.25"]
[SourceVersion "1"]
[SourceVersionDate "2010.11.25"]
[SourceQuality "1"]

1. c4 c6 2. Nf3 d5 3. e3 Nf6 4. b3 Bg4 5. Be2 e6 6. 0-0 Nbd7 7. Bb2 Bd6 8. d4 0-0 9. Nc3 Qe7 10. a3 Rfd8 11. h3 Bh5 12. Nd2 Bxe2 13. Qxe2 e5 14. dxe5 Qxe5 15. Nf3 Qh5 16. cxd5 Nxd5 17. Nxd5 Qxd5 18. Rfd1 Qe6 19. Qc2 Ne5 20. Nd4 Qg6 21. Qe2 Qe4 22. f3 Qh4 23. Nf5 Qf6 24. Nxd6 Rxd6 25. f4 1-0